=LDR 00000nam 2200000 4500 =001 INLIS000000000000822 =005 20130612085239 =008 ***********************************Ind** =035 ##$$0010-061300000000822 =041 ##$$a Ind =082 ##$$a 92(Rontgen) =090 ##$$a 92(Rontgen), Han-s =100 ##$$a Handoyo, W.Sri Yulani =245 ##$$a Sinar yang menembus, riwayat penemuan dan riwayat penemuannya WC, Rontgent, oleh W Sri Yulani Handoyo =260 ##$$a 1981 $b Jakarta =300 ##$$a xiv, 134 hlm, ilus, 21 cm =650 ##$$a Rontgen, WC, 1845-1923 =850 ##$$a NBPNMAT =990 ##$$a 0001/BPAP-NTB/2016